Catholic University of Zimbabwe Library
Online Public Access Catalogue
(OPAC)

World Literature I (Record no. 19792)

MARC details
000 -LEADER
fixed length control field 01905nam a2200397 4500
001 - CONTROL NUMBER
control field OTLid0000409
003 - CONTROL NUMBER IDENTIFIER
control field MnU
005 - DATE AND TIME OF LATEST TRANSACTION
control field 20201105133323.0
006 - FIXED-LENGTH DATA ELEMENTS--ADDITIONAL MATERIAL CHARACTERISTICS
fixed length control field m o d s
008 - FIXED-LENGTH DATA ELEMENTS--GENERAL INFORMATION
fixed length control field 180907s2015 mnu o 0 0 eng d
020 ## - INTERNATIONAL STANDARD BOOK NUMBER
International Standard Book Number
040 ## - CATALOGING SOURCE
Original cataloging agency MnU
Language of cataloging eng
Transcribing agency MnU
050 #4 - LIBRARY OF CONGRESS CALL NUMBER
Classification number PE1408
050 #4 - LIBRARY OF CONGRESS CALL NUMBER
Classification number BL1
100 1# - MAIN ENTRY--PERSONAL NAME
Personal name Getty, Laura
Relator term author
245 00 - TITLE STATEMENT
Title World Literature I
Remainder of title Beginnings to 1650
Statement of responsibility, etc. Laura Getty
264 #2 - PRODUCTION, PUBLICATION, DISTRIBUTION, MANUFACTURE, AND COPYRIGHT NOTICE
Name of producer, publisher, distributor, manufacturer Open Textbook Library
264 #1 - PRODUCTION, PUBLICATION, DISTRIBUTION, MANUFACTURE, AND COPYRIGHT NOTICE
Name of producer, publisher, distributor, manufacturer University of North Georgia Press
300 ## - PHYSICAL DESCRIPTION
Extent 1 online resource
490 0# - SERIES STATEMENT
Series statement Open textbook library.
505 0# - FORMATTED CONTENTS NOTE
Formatted contents note Middle East, Near East, Greece -- Hebrew Bible, "Genesis" and "Exodus" -- The Epic of Gilgamesh -- The Iliad and The Odyssey -- Medea -- Oedipus the king -- The Apology of Socrates -- China -- The Analects -- The Art of War -- The Book of Songs -- The Mother of Mencius -- The Zhuangzi -- India -- The Bhagavad Gita -- The Mahabharata -- The Ramayana -- Rome -- The Aeneid -- Metamorphoses -- BibliographyAppendix
520 0# - SUMMARY, ETC.
Summary, etc. This peer-reviewedWorld Literature Ianthology includes introductory text and images before each series of readings. Sections of the text are divided bytimeperiod in three parts: the Ancient World, Middle Ages, and Renaissance, and then divided into chapters by location.
542 1# - INFORMATION RELATING TO COPYRIGHT STATUS
Copyright statement Attribution-ShareAlike
546 ## - LANGUAGE NOTE
Language note In English.
588 0# - SOURCE OF DESCRIPTION NOTE
Source of description note Description based on online resource
650 #0 - SUBJECT ADDED ENTRY--TOPICAL TERM
Topical term or geographic name entry element Humanities
Form subdivision Textbooks
650 #0 - SUBJECT ADDED ENTRY--TOPICAL TERM
Topical term or geographic name entry element Rhetoric
Form subdivision Textbooks
650 #0 - SUBJECT ADDED ENTRY--TOPICAL TERM
Topical term or geographic name entry element Religion
Form subdivision Textbooks
700 1# - ADDED ENTRY--PERSONAL NAME
Personal name Kwon, Kyounghye
Relator term author
710 2# - ADDED ENTRY--CORPORATE NAME
Corporate name or jurisdiction name as entry element Open Textbook Library
Relator term distributor
856 40 - ELECTRONIC LOCATION AND ACCESS
Uniform Resource Identifier <a href="https://open.umn.edu/opentextbooks/textbooks/409">https://open.umn.edu/opentextbooks/textbooks/409</a>
Public note Access online version
Holdings
Withdrawn status Lost status Source of classification or shelving scheme Damaged status Not for loan Home library Shelving location Date acquired Total Checkouts Full call number Date last seen Uniform Resource Identifier Price effective from Koha item type
          Digital Library Online Access 05.11.2020   PE1408 05.11.2020 https://open.umn.edu/opentextbooks/textbooks/409 05.11.2020 eBook

OPENING HOURS

Weekdays: 0815hrs - 1800hrs
Weekends:0900hrs - 1200hrs

Closed for Mass:

Mon, Thur: 1200hrs - 1300hrs
Sunday & Public Holiday’s

CALL SUPPORT

0242-570570, 0242-570169
09200664, +263 8644140602

LOCATION

18443, Cranborne Avenue, Hatfield, Harare

Other Links


©2021 | CUZ Library